|
|
|
|
| LEADER |
01248nam a2200277 a 4500 |
| 001 |
1340 |
| 008 |
130630s1981 nyua b i000 0 eng d |
| 010 |
|
|
|a 85143249
|
| 040 |
|
|
|a DLC
|c DLC
|d DLC
|d BD-DhAAL
|
| 082 |
0 |
0 |
|a 304.8/095
|2 19
|
| 245 |
1 |
0 |
|a Migration, urbanization, and development in Indonesia.
|
| 260 |
|
|
|a New York :
|b United Nations,
|c 1981.
|
| 300 |
|
|
|a xi, 202 p. :
|b ill. ;
|c 28 cm.
|
| 490 |
|
0 |
|a Comparative study on migration, urbanization, and development in the ESCAP region.
|p Country reports ;
|v 3
|
| 500 |
|
|
|a At head of title: Economic and Social Commission for Asia and the Pacific.
|
| 500 |
|
|
|a Summary and conclusions by Graeme J. Hugo.
|
| 504 |
|
|
|a Includes bibliography (p. 163-168).
|
| 541 |
|
|
|e 1340
|
| 650 |
|
0 |
|a Migration, Internal
|z Indonesia.
|
| 650 |
|
0 |
|a Urbanization
|z Indonesia.
|
| 651 |
|
0 |
|a Indonesia
|x Economic conditions
|y 1945-
|
| 700 |
1 |
|
|a Hugo, Graeme.
|
| 710 |
2 |
|
|a United Nations.
|b Economic and Social Commission for Asia and the Pacific.
|
| 852 |
1 |
|
|a Ayesha Abed Library
|j General shelf.
|
| 999 |
|
|
|c 13645
|d 13645
|
| 952 |
|
|
|0 0
|1 0
|2 ddc
|4 0
|6 304_809500000000000_MIG
|7 0
|9 22841
|a BRACUL
|b BRACUL
|c GEN
|d 2013-06-30
|g 0.00
|l 2
|m 6
|o 304.8095 MIG
|p 3010001340
|r 2024-03-20
|s 2024-02-25
|t 1
|w 2013-06-30
|y BK
|z Not price in Register
|